| 000 | 00515nam a2200169 i 4500 | ||
|---|---|---|---|
| 001 | 90566 | ||
| 003 | ES-MaACL | ||
| 005 | 20230906180501.0 | ||
| 007 | t| | ||
| 008 | 050121s1971 sp ||||1| spa d | ||
| 100 | 1 |
_aLenk, John D. _971526 |
|
| 245 | 1 | 0 |
_aManual de osciloscopios / _cJohn D. Lenk ; [traducido por Joaquín Espallargas Torne]. |
| 260 |
_aMadrid : _bParaninfo, _c1971. |
||
| 300 |
_a272 p. : _bil. ; _c22 cm. |
||
| 700 | 1 |
_aEspallargas Torne, Joaquín. _947749 |
|
| 852 |
_aES-MaACL _jC-39551 _bR.76709 |
||
| 999 |
_c90566 _d90566 |
||